| 000 | 00726nam a22002172 4500 | ||
|---|---|---|---|
| 001 | 0000004022 | ||
| 005 | 20151217145750.0 | ||
| 008 | 070517s xx 000 0 eng d | ||
| 020 |
_a8120312589 : _cGBP 11.99 |
||
| 040 |
_aKABU _cKABU |
||
| 050 | 0 |
_aQA76.64 _b.S46 |
|
| 100 | 1 |
_aSengupta, Probal. _@0000154350 |
|
| 245 | 1 | 0 |
_aObject-oriented programming : _bfundamentals and application / _cProbal Sengupta, Bidyut Baran Chaudhuri. |
| 260 |
_aNew Delhi : _bPrentice Hall, _c1998. |
||
| 300 | _axi, 258 p. | ||
| 650 | 0 |
_aObject oriented programming (Computer science) _@0000148166 |
|
| 700 | 1 |
_aChaudhuri, Bidyut Baran. _@0000154351 |
|
| 908 | _a070517 | ||
| 950 | _@1 | ||
| 999 |
_c2388 _d2388 |
||